000 00449nam a2200181Ia 4500
001 20180
005 20260306172747.0
008 260306t2014||||xx |||||||||||||| ||spa||
041 _aESP
082 _a342.812
_bP43 T. 1
100 _aPerales Viscasillas, Pilar
_eAUT
245 0 _aDerecho comercial internacional
260 _c2014
300 _axxxii, 667 páginas :
_c23 cm.
650 _aGEN
654 _aCDE
942 _cLIB
_dJUS
_fJUS
_2ddc
_n
999 _c20180
_d20180